|
|
|
|
| LEADER |
00000cam a2200000 4500 |
| 001 |
vtls011748991 |
| 003 |
SK-MaSNL |
| 005 |
20260426000430.0 |
| 008 |
200316s2017 hu habogrb 000 0dhun |
| 015 |
|
|
|a SNBZSA2018/07
|
| 020 |
|
|
|a 9789634160922
|q (viazané)
|
| 035 |
|
|
|a urn:nbn:sk:snk-am00dhrh
|
| 035 |
|
|
|a urn:nbn:sk:snk-am3i2p1
|
| 035 |
|
|
|a 2DDD16FD-8764-49C4-BB0A-62047E9978B1
|
| 040 |
|
|
|a SNK
|b slo
|c SNK
|e rda
|
| 041 |
|
|
|a hun
|b eng
|b ger
|
| 043 |
|
|
|a e-xo---
|a e-au---
|a e-hu---
|
| 044 |
|
|
|a hu
|c HU
|
| 072 |
|
7 |
|a 93/94
|x Dejiny (všeobecne)
|2 konspekt
|
| 072 |
|
7 |
|a 394
|x Verejný a spoločenský život. Každodenný život
|2 konspekt
|
| 080 |
|
|
|a 94-021.143
|2 2011
|
| 080 |
|
|
|a 394.43
|2 2011
|
| 080 |
|
|
|a 929.731
|2 2011
|
| 080 |
|
|
|a 929.731.038+671.125
|2 2011
|
| 080 |
|
|
|a (437.6)
|2 2011
|
| 080 |
|
|
|a (436+439)
|2 2011
|
| 080 |
|
|
|a (048.8:082)
|2 2011
|
| 245 |
0 |
4 |
|a Egy elfeledett koronázás a reformkorban
|b az utolsó pozsonyi uralkodóronázás 1830 őszén
|c szerkesztette: Soós István
|
| 246 |
3 |
0 |
|a Az utolsó pozsonyi uralkodóronázás 1830 őszén
|
| 264 |
|
1 |
|a Budapest
|b MTA Bölcsészettudományi Kutatóközp
|c 2017
|
| 300 |
|
|
|a 367 strán, z toho 96 strán obrazových príloh
|b faksimile, fotografie, ilustrácie, mapy, plány, portréty
|c 25 cm
|
| 336 |
|
|
|a text
|b txt
|2 rdacontent
|
| 337 |
|
|
|a bez média
|b n
|2 rdamedia
|
| 338 |
|
|
|a zväzok
|b nc
|2 rdacarrier
|
| 490 |
1 |
|
|a Magyar történelmi emlékek : értekezések =
|a Monumenta hungariae historica : dissertationes
|
| 504 |
|
|
|a Obsahuje bibliografické odkazy ; zoznam ilustrácií
|
| 546 |
|
|
|a Dokument v maďarčine ; resumé v angličtine a nemčine
|
| 600 |
3 |
7 |
|a Habsburg (rod)
|2 SNKMA
|
| 648 |
|
7 |
|a 1830
|2 SNKPH
|9 380645
|
| 650 |
0 |
7 |
|a udalosti
|2 SNKPH
|9 30129
|
| 650 |
0 |
7 |
|a korunovácia
|2 SNKPH
|9 49885
|
| 650 |
0 |
7 |
|a panovníci
|2 SNKPH
|9 4132
|
| 650 |
0 |
7 |
|a korunovačné klenoty
|2 SNKPH
|9 75388
|
| 650 |
0 |
7 |
|a Events
|2 SNKPHeng
|9 267507
|
| 650 |
0 |
7 |
|a Coronations
|2 SNKPHeng
|9 449272
|
| 650 |
0 |
7 |
|a Kings and rulers
|2 SNKPHeng
|9 283065
|
| 650 |
0 |
7 |
|a Coronations insignia
|2 SNKPHeng
|9 421762
|
| 651 |
|
7 |
|a Slovensko
|2 SNKPHgeo
|9 14231
|
| 651 |
|
7 |
|a Rakúsko-Uhorsko
|2 SNKPHgeo
|9 36860
|
| 651 |
|
7 |
|a Slovakia
|2 SNKPHeng
|9 92630
|
| 651 |
|
7 |
|a Austro-Hungarian Monarchy
|2 SNKPHeng
|9 283186
|
| 655 |
|
7 |
|a kolektívne monografie
|2 SNKPH
|9 249850
|
| 655 |
|
7 |
|a Collective monographs
|2 SNKPHeng
|9 125747
|
| 700 |
1 |
|
|a Soós, István,
|d 1952-
|4 edt
|9 557706
|
| 700 |
1 |
|
|a Fodor, Pál
|4 red
|9 557707
|
| 752 |
|
|
|a Maďarsko
|d Budapešť
|
| 830 |
|
0 |
|a Magyar történelmi emlékek. Értekezések
|9 342096
|
| 830 |
|
0 |
|a Monumenta hungariae historica. Dissertationes
|9 550397
|
| 919 |
|
|
|a 978-963-416-092-2
|
| 958 |
|
|
|a ZS
|
| 958 |
|
|
|a NB
|
| 958 |
|
|
|a HU
|
| 958 |
|
|
|a BC
|
| 958 |
|
|
|a DE
|
| 999 |
|
|
|c 855588
|d 857518
|
| 952 |
|
|
|a SNK
|b SNK
|y PREZ
|7 0
|p 17A1332379
|o snkSC 180185
|i snk2018/14478
|8 2
|g 10.19
|0 0
|1 0
|4 0
|d 2018-06-26
|f 1
|l 0
|r 2026-02-24 04:55:21
|w 2026-02-24
|